[Event "Pobla de Lillet op 32nd"]
[Site "La Pobla de Lillet"]
[Date "2023.08.10"]
[Round "9"]
[White "Valls Sole, Josep"]
[Black "Tarrago Antoni, Maurici"]
[Result "0-1"]
[WhiteElo "1813"]
[BlackElo "2171"]
[PlyCount "32"]
[EventDate "2023.08.02"]
[EventType "swiss"]
[EventRounds "9"]
[EventCountry "ESP"]
[SourceTitle "CBM 215 Extra"]
[Source "ChessBase"]
[SourceDate "2023.09.30"]
[SourceVersion "1"]
[SourceVersionDate "2023.09.30"]
[SourceQuality "1"]

1. e4 c5 2. d4 cxd4 3. c3 d3 4. Bxd3 g6 5. Be3 Bg7 6. Ne2 Nf6 7. f3 Nc6 8. Na3 d5 9. exd5 Nxd5 10. Qd2 Nxe3 11. Qxe3 0-0 12. Rd1 Qa5 13. Bc4 Ne5 14. Bb3 b5 15. Rd5 Qc7 16. Rc5 Qxc5 0-1

[Event "Sant Adria de Besos op"]
[Site "Sant Adria de Besos"]
[Date "2022.08.15"]
[Round "6"]
[White "Tarrago Antoni, Maurici"]
[Black "Krishnan, Ritvik"]
[Result "1-0"]
[WhiteElo "2187"]
[BlackElo "1968"]
[PlyCount "85"]
[EventDate "2022.08.11"]
[EventType "swiss"]
[EventRounds "9"]
[EventCountry "ESP"]
[SourceTitle "CBM 209 Extra"]
[Source "ChessBase"]
[SourceDate "2022.09.30"]
[SourceVersion "1"]
[SourceVersionDate "2022.09.30"]
[SourceQuality "1"]

1. Nf3 Nf6 2. c4 g6 3. Nc3 Bg7 4. g3 0-0 5. Bg2 d6 6. d4 Nc6 7. h3 a6 8. Be3 Rb8 9. Rc1 b5 10. Nd2 Na5 11. b3 Bb7 12. 0-0 Bxg2 13. Kxg2 c6 14. Qc2 d5 15. Qd3 Qb6 16. c5 Qa7 17. Bf4 Rbd8 18. Be5 Bh6 19. g4 Nd7 20. Bg3 Rfe8 21. f4 Bg7 22. f5 e5 23. e3 g5 24. Rf2 Bf6 25. Rh1 Kg7 26. h4 h6 27. Rff1 Re7 28. hxg5 hxg5 29. Rh5 Rde8 30. Nd1 exd4 31. exd4 Re2+ 32. Rf2 Re1 33. Rf1 R8e2+ 34. Bf2 Rxf1 35. Qxe2 Rxf2+ 36. Qxf2 Qb8 37. Qe3 Nf8 38. Nf3 Nh7 39. Nf2 Qd8 40. Nd3 Nb7 41. Nde5 Qe7 42. Qe1 Nd8 43. Qh1 1-0

[Event "Sant Adria de Besos op"]
[Site "Sant Adria de Besos"]
[Date "2022.08.14"]
[Round "5"]
[White "Sudarshan, Bhat"]
[Black "Tarrago Antoni, Maurici"]
[Result "0-1"]
[WhiteElo "2025"]
[BlackElo "2187"]
[PlyCount "102"]
[EventDate "2022.08.11"]
[EventType "swiss"]
[EventRounds "9"]
[EventCountry "ESP"]
[SourceTitle "CBM 209 Extra"]
[Source "ChessBase"]
[SourceDate "2022.09.30"]
[SourceVersion "1"]
[SourceVersionDate "2022.09.30"]
[SourceQuality "1"]

1. e4 c5 2. c3 d5 3. exd5 Qxd5 4. d4 cxd4 5. cxd4 Nc6 6. Nf3 Bg4 7. Nc3 Bxf3 8. Nxd5 Bxd1 9. Nc7+ Kd7 10. Nxa8 Bh5 11. d5 Nd4 12. Bf4 e5 13. dxe6+ fxe6 14. Bd3 Bb4+ 15. Kf1 Ne7 16. Nc7 a6 17. f3 Rf8 18. Bg3 Nxf3 19. gxf3 Rxf3+ 20. Kg2 Rxd3 21. Rhf1 Nf5 22. Nxa6 bxa6 23. Rf4 Bd6 24. Ra4 Nxg3 25. hxg3 Bf3+ 26. Kf1 Bb7 27. g4 Rd2 28. b3 Rh2 29. Rd1 Rh1+ 30. Ke2 Bf3+ 31. Kxf3 Rxd1 32. Rxa6 Rd3+ 33. Kf2 Rd4 34. Kf3 Rf4+ 35. Kg3 g5 36. Ra7+ Bc7 37. a4 Rb4+ 38. Kf3 Rxb3+ 39. Ke4 Kd6 40. a5 Ra3 41. Rb7 Rxa5 42. Rb4 Re5+ 43. Kd4 Re1 44. Ra4 Rf1 45. Ra6+ Kd7 46. Kc5 Rf4 47. Ra1 Bd6+ 48. Kb5 Rb4+ 49. Ka5 Rxg4 50. Rh1 Kc6 51. Rxh7 Bc7+ 0-1

[Event "La Pobla de Lillet op-A 30th"]
[Site "La Pobla de Lillet"]
[Date "2021.08.09"]
[Round "8"]
[White "Tarrago Antoni, Maurici"]
[Black "Mellado Trivino, Juan"]
[Result "1/2-1/2"]
[WhiteElo "2208"]
[BlackElo "2358"]
[PlyCount "24"]
[EventDate "2021.08.02"]
[EventType "swiss"]
[EventRounds "9"]
[EventCountry "ESP"]
[SourceTitle "EXT 2022"]
[Source "ChessBase"]
[SourceDate "2021.10.06"]
[SourceVersion "1"]
[SourceVersionDate "2021.10.06"]
[SourceQuality "1"]

1. e4 e5 2. Nf3 Nf6 3. Nxe5 d6 4. Nf3 Nxe4 5. Qe2 Qe7 6. d3 Nf6 7. Nc3 c6 8. Bg5 Qxe2+ 9. Bxe2 Be7 10. 0-0-0 h6 11. Bh4 Na6 12. Rhe1 Nc7 1/2-1/2

[Event "North American op 29th"]
[Site "Las Vegas"]
[Date "2019.12.27"]
[Round "3"]
[White "Tarrago Antoni, Maurici"]
[Black "Gabuzyan, Hovhannes"]
[Result "0-1"]
[WhiteElo "2235"]
[BlackElo "2610"]
[PlyCount "108"]
[EventDate "2019.12.26"]
[EventType "swiss"]
[EventRounds "9"]
[EventCountry "USA"]
[SourceTitle "CBM 194 Extra"]
[Source "ChessBase"]
[SourceDate "2020.03.31"]
[SourceVersion "1"]
[SourceVersionDate "2020.03.31"]
[SourceQuality "1"]

1. Nf3 g6 2. c4 Bg7 3. g3 e5 4. Nc3 Nc6 5. Bg2 Nge7 6. 0-0 d6 7. Rb1 a5 8. a3 Be6 9. d3 h6 10. b4 axb4 11. axb4 Qd7 12. b5 Nd8 13. Nd2 Bh3 14. Nd5 Nxd5 15. cxd5 h5 16. f3 Bxg2 17. Kxg2 h4 18. g4 h3+ 19. Kh1 0-0 20. Nc4 b6 21. Qc2 Nb7 22. Be3 Ra7 23. Rfc1 Nc5 24. Bxc5 dxc5 25. d6 Bh6 26. g5 Bxg5 27. Rg1 Bf6 28. Qb3 Kg7 29. dxc7 Qxc7 30. Ne3 Rfa8 31. Qd5 Ra2 32. Rg3 Ra1 33. Rbg1 e4 34. fxe4 Qf4 35. Nf5+ Kf8 36. Qd6+ Qxd6 37. Nxd6 Be5 38. Nc4 Bxg3 39. hxg3 Rxg1+ 40. Kxg1 Ra1+ 41. Kh2 Rb1 42. Nxb6 Rxb5 43. Nc4 Rb1 44. Kxh3 Re1 45. e3 Rd1 46. Ne5 Kg7 47. Kg2 f6 48. Nc4 Rxd3 49. Kf3 Rc3 50. Nb6 Rb3 51. Nd5 c4 52. e5 fxe5 53. Ke4 Kf7 54. g4 Ke6 0-1

[Event "Sant Adria de Besos op 1st"]
[Site "Sant Adria de Besos"]
[Date "2017.08.15"]
[Round "7"]
[White "Tokman, Ariel"]
[Black "Tarrago Antoni, Maurici"]
[Result "1-0"]
[WhiteElo "2296"]
[BlackElo "2221"]
[PlyCount "93"]
[EventDate "2017.08.11"]
[EventType "swiss"]
[EventRounds "9"]
[EventCountry "ESP"]
[SourceTitle "EXT 2019"]
[Source "ChessBase"]
[SourceDate "2018.10.10"]
[SourceVersion "1"]
[SourceVersionDate "2018.10.10"]
[SourceQuality "1"]

1. Nf3 d5 2. g3 g6 3. Bg2 Bg7 4. d4 Nf6 5. 0-0 0-0 6. Nbd2 Nbd7 7. c4 c6 8. b3 Ne4 9. Nxe4 dxe4 10. Ng5 e5 11. d5 cxd5 12. Qxd5 Nf6 13. Qxd8 Rxd8 14. Nxe4 Nxe4 15. Bxe4 Bh3 16. Re1 Rd7 17. Be3 Be6 18. Rad1 Rad8 19. Rxd7 Rxd7 20. Bc2 a6 21. Rd1 Rxd1+ 22. Bxd1 Kf8 23. f3 Ke7 24. Bc2 Kd6 25. Kf2 f5 26. Ke1 Kc6 27. Kd2 Bf8 28. Kc3 a5 29. Bd3 Bg7 30. Kc2 Bf8 31. Bc1 Bc5 32. e3 Kd6 33. a3 Kc7 34. Kc3 Be7 35. b4 axb4+ 36. axb4 h5 37. e4 h4 38. Be3 Bf6 39. c5 g5 40. exf5 e4+ 41. Kd2 hxg3 42. hxg3 Bxf5 43. Bxe4 Bxe4 44. fxe4 Be5 45. g4 Bf6 46. Kd3 Kc6 47. Kc4 1-0

[Event "La Pobla de Lillet op 23rd"]
[Site "La Pobla de Lillet"]
[Date "2013.08.02"]
[Round "1"]
[White "Tarrago Antoni, Maurici"]
[Black "Escofet Llongueras, Joan"]
[Result "1-0"]
[WhiteElo "2251"]
[BlackElo "1786"]
[PlyCount "53"]
[EventDate "2013.08.02"]
[EventType "swiss"]
[EventRounds "9"]
[EventCountry "ESP"]
[SourceTitle "EXT 2014"]
[Source "ChessBase"]
[SourceDate "2013.11.20"]
[SourceVersion "1"]
[SourceVersionDate "2013.11.20"]
[SourceQuality "1"]

1. Nf3 Nf6 2. c4 g6 3. b4 Bg7 4. Bb2 0-0 5. g3 d6 6. Bg2 c5 7. bxc5 dxc5 8. 0-0 Nc6 9. Nc3 Rb8 10. Na4 Nd7 11. Bxg7 Kxg7 12. d4 cxd4 13. Nxd4 Nde5 14. e3 Nxd4 15. exd4 Nxc4 16. d5 Nb6 17. Qd4+ f6 18. Nc5 e5 19. Qd2 Nc4 20. Qb4 Nd6 21. Rac1 Rf7 22. Rfd1 Re7 23. Ne6+ Bxe6 24. dxe6 Rxe6 25. Bd5 Kf7 26. Qb3 Qd7 27. Bxe6+ 1-0

[Event "Barbera del Valles op 33th"]
[Site "Barbera del Valles"]
[Date "2010.07.12"]
[Round "9"]
[White "Tarrago Antoni, Maurici"]
[Black "Panelo Munoz, Marcelo A"]
[Result "0-1"]
[WhiteElo "2264"]
[BlackElo "2425"]
[PlyCount "54"]
[EventDate "2010.07.04"]
[EventType "swiss"]
[EventRounds "9"]
[EventCountry "ESP"]
[SourceTitle "CBM 137 Extra"]
[Source "ChessBase"]
[SourceDate "2010.09.01"]
[SourceVersion "1"]
[SourceVersionDate "2010.09.01"]
[SourceQuality "1"]

1. Nf3 Nf6 2. c4 e6 3. g3 d5 4. Bg2 Be7 5. 0-0 0-0 6. b3 d4 7. d3 c5 8. e3 Nc6 9. Na3 e5 10. Nc2 Re8 11. a3 a5 12. Bb2 h6 13. b4 axb4 14. axb4 Rxa1 15. Qxa1 e4 16. dxe4 d3 17. b5 Na5 18. Na3 Nxe4 19. Rd1 Bg5 20. Ne5 Nb3 21. Qa2 Nbd2 22. Nb1 Bxe3 23. fxe3 Qg5 24. Re1 Qf5 25. Bxe4 Nxe4 26. Nxd3 Ng5 27. Qa3 Nh3+ 0-1

[Event "Barbera del Valles op 33th"]
[Site "Barbera del Valles"]
[Date "2010.07.04"]
[Round "1"]
[White "Gonzalez Vidal, Yuri"]
[Black "Tarrago Antoni, Maurici"]
[Result "1/2-1/2"]
[WhiteElo "2522"]
[BlackElo "2258"]
[PlyCount "27"]
[EventDate "2010.07.04"]
[EventType "swiss"]
[EventRounds "9"]
[EventCountry "ESP"]
[SourceTitle "CBM 137 Extra"]
[Source "ChessBase"]
[SourceDate "2010.09.01"]
[SourceVersion "1"]
[SourceVersionDate "2010.09.01"]
[SourceQuality "1"]

1. d4 Nf6 2. c4 e6 3. g3 d5 4. Bg2 dxc4 5. Nf3 Nc6 6. Bg5 Rb8 7. Nc3 Be7 8. 0-0 0-0 9. e3 b5 10. h4 Nb4 11. Qe2 Bb7 12. Rfd1 Ne4 13. Bxe7 Qxe7 14. Ne5 1/2-1/2

[Event "Catalunya-chT Honor"]
[Site "Catalunya"]
[Date "2009.03.15"]
[Round "7"]
[White "Tarrago Antoni, Maurici"]
[Black "Barbero Sendic, Alejandro"]
[Result "1-0"]
[WhiteElo "2238"]
[BlackElo "2253"]
[PlyCount "57"]
[EventDate "2009.02.01"]
[EventType "team-tourn"]
[EventRounds "9"]
[EventCountry "ESP"]
[SourceTitle "EXT 2019"]
[Source "ChessBase"]
[SourceDate "2018.10.10"]
[SourceVersion "1"]
[SourceVersionDate "2018.10.10"]
[SourceQuality "1"]
[WhiteTeam "Sant Adria"]
[BlackTeam "Cerdanyola Valles"]
[WhiteTeamCountry "ESP"]
[BlackTeamCountry "ESP"]

1. Nf3 Nf6 2. c4 g6 3. Nc3 Bg7 4. e4 d6 5. d4 0-0 6. Be2 e5 7. d5 Nbd7 8. Bg5 h6 9. Bh4 g5 10. Bg3 Nh5 11. h4 Nxg3 12. fxg3 gxh4 13. Nxh4 Qg5 14. Bg4 Qe3+ 15. Kf1 f5 16. Bxf5 Nc5 17. Qf3 Qd4 18. Rd1 Qxc4+ 19. Kg1 Bxf5 20. Nxf5 Rxf5 21. exf5 Rf8 22. Rh4 Qa6 23. Rg4 Qb6 24. Kh2 Kh7 25. Ne4 Nxe4 26. Qxe4 Rf6 27. Rg6 Qxb2 28. Qg4 Rf7 29. f6 1-0

[Event "Catalunya-chT Honor"]
[Site "Catalunya"]
[Date "2009.03.08"]
[Round "6"]
[White "Tarrago Antoni, Maurici"]
[Black "Montilla Carrillo, Esteban"]
[Result "1-0"]
[WhiteElo "2238"]
[BlackElo "2312"]
[PlyCount "99"]
[EventDate "2009.02.01"]
[EventType "team-tourn"]
[EventRounds "9"]
[EventCountry "ESP"]
[SourceTitle "EXT 2019"]
[Source "ChessBase"]
[SourceDate "2018.10.10"]
[SourceVersion "1"]
[SourceVersionDate "2018.10.10"]
[SourceQuality "1"]
[WhiteTeam "Sant Adria"]
[BlackTeam "Barbera"]
[WhiteTeamCountry "ESP"]
[BlackTeamCountry "ESP"]

1. Nf3 Nf6 2. c4 e6 3. g3 d5 4. Bg2 d4 5. 0-0 c5 6. e3 Nc6 7. exd4 cxd4 8. d3 Be7 9. Re1 0-0 10. b3 Re8 11. Bb2 Bc5 12. Na3 e5 13. Nc2 Qd6 14. a3 a5 15. Bc1 Bf5 16. Bg5 Nd7 17. Nh4 Be6 18. f4 h6 19. fxe5 Ndxe5 20. Bf4 g5 21. Bxe5 Nxe5 22. Nf3 Bg4 23. Rf1 Re7 24. b4 axb4 25. axb4 Rxa1 26. Qxa1 Bxf3 27. Bxf3 Bxb4 28. Nxb4 Qxb4 29. Qxd4 Nxf3+ 30. Rxf3 Qe1+ 31. Kg2 Qe6 32. Rf6 Qe2+ 33. Rf2 Qe6 34. Qf6 Qxf6 35. Rxf6 Kg7 36. Rb6 Rd7 37. Rb3 h5 38. Kf3 Kg6 39. Ke3 Kf5 40. d4 Kg4 41. d5 f5 42. Kd4 f4 43. h3+ Kf5 44. gxf4 Kxf4 45. c5 g4 46. hxg4 hxg4 47. d6 g3 48. Kd5 g2 49. Rb1 Rh7 50. Rg1 1-0

[Event "Catalunya-chT Honor"]
[Site "Catalunya"]
[Date "2009.02.22"]
[Round "4"]
[White "Garrido Fernandez, Daniel"]
[Black "Tarrago Antoni, Maurici"]
[Result "1/2-1/2"]
[WhiteElo "2272"]
[BlackElo "2238"]
[PlyCount "52"]
[EventDate "2009.02.01"]
[EventType "team-tourn"]
[EventRounds "9"]
[EventCountry "ESP"]
[SourceTitle "EXT 2019"]
[Source "ChessBase"]
[SourceDate "2018.10.10"]
[SourceVersion "1"]
[SourceVersionDate "2018.10.10"]
[SourceQuality "1"]
[WhiteTeam "Foment Martinenc"]
[BlackTeam "Sant Adria"]
[WhiteTeamCountry "ESP"]
[BlackTeamCountry "ESP"]

1. e4 c5 2. Nf3 Nc6 3. Bb5 a6 4. Bxc6 dxc6 5. h3 e5 6. d3 Bd6 7. Be3 Ne7 8. Nbd2 Ng6 9. Nc4 f6 10. Nxd6+ Qxd6 11. Qd2 b6 12. c3 0-0 13. 0-0 f5 14. exf5 Bxf5 15. d4 cxd4 16. cxd4 e4 17. Ne5 Rae8 18. Rac1 Nxe5 19. dxe5 Qg6 20. Kh2 Rxe5 21. Bxb6 Rd5 22. Qe2 Qd6+ 23. Kg1 Qe6 24. Rc3 Rd3 25. Rfc1 Rxc3 26. Rxc3 Qxa2 1/2-1/2

[Event "Catalunya-chT Honor"]
[Site "Catalunya"]
[Date "2009.02.08"]
[Round "2"]
[White "Pablo Marin, Alejandro"]
[Black "Tarrago Antoni, Maurici"]
[Result "1-0"]
[WhiteElo "2388"]
[BlackElo "2238"]
[PlyCount "97"]
[EventDate "2009.02.01"]
[EventType "team-tourn"]
[EventRounds "9"]
[EventCountry "ESP"]
[SourceTitle "EXT 2019"]
[Source "ChessBase"]
[SourceDate "2018.10.10"]
[SourceVersion "1"]
[SourceVersionDate "2018.10.10"]
[SourceQuality "1"]
[WhiteTeam "Terrassa"]
[BlackTeam "Sant Adria"]
[WhiteTeamCountry "ESP"]
[BlackTeamCountry "ESP"]

1. e4 c5 2. Nf3 Nc6 3. d4 cxd4 4. Nxd4 Nf6 5. Nc3 e5 6. Ndb5 d6 7. Bg5 a6 8. Na3 b5 9. Nd5 Be7 10. Bxf6 Bxf6 11. c3 Ne7 12. Nc2 Bb7 13. g3 Nxd5 14. exd5 0-0 15. Bg2 Qb6 16. 0-0 a5 17. Qd2 Ba6 18. Rfe1 Be7 19. Nd4 Bf6 20. Nc6 g6 21. a4 bxa4 22. Rxa4 Bb5 23. Ra3 a4 24. Re4 Bxc6 25. dxc6 d5 26. Rexa4 Rxa4 27. Rxa4 Qxc6 28. Ra5 Rd8 29. Bxd5 Qc7 30. Rb5 Kg7 31. Qe3 Rd7 32. h4 h5 33. c4 Re7 34. b4 e4 35. Rb7 Qe5 36. Rxe7 Bxe7 37. b5 f5 38. b6 Qa1+ 39. Kg2 Qa3 40. Qd4+ Bf6 41. Qd2 Be5 42. Qe2 Qb3 43. b7 Kf6 44. Kf1 Qb4 45. Qe1 Qxe1+ 46. Kxe1 g5 47. Bc6 e3 48. hxg5+ Kxg5 49. f4+ 1-0

[Event "La Pobla de Lillet op 18th"]
[Site "La Pobla de Lillet"]
[Date "2008.08.05"]
[Round "4"]
[White "Tarrago Antoni, Maurici"]
[Black "Matnadze, Ana"]
[Result "0-1"]
[WhiteElo "2219"]
[BlackElo "2411"]
[PlyCount "111"]
[EventDate "2008.08.02"]
[EventType "swiss"]
[EventRounds "9"]
[EventCountry "ESP"]
[SourceTitle "EXT 2009"]
[Source "ChessBase"]
[SourceDate "2008.11.26"]
[SourceVersion "1"]
[SourceVersionDate "2008.11.26"]
[SourceQuality "1"]

1. Nf3 Nf6 2. c4 e6 3. g3 b6 4. Bg2 Bb7 5. b3 Be7 6. Bb2 0-0 7. 0-0 c5 8. e3 d5 9. Nc3 Nc6 10. cxd5 exd5 11. d4 Ne4 12. dxc5 Bf6 13. Nd4 Nxd4 14. exd4 bxc5 15. Na4 Rc8 16. dxc5 Bxb2 17. Nxb2 Qf6 18. Bxe4 dxe4 19. Nc4 Rxc5 20. Qd6 Qf3 21. Ne3 Rcc8 22. Rac1 Rcd8 23. Qc7 Ba6 24. Rfd1 Bd3 25. Qc5 a6 26. Qf5 g6 27. Qxf3 exf3 28. g4 f5 29. gxf5 gxf5 30. h3 f4 31. Nc4 Be2 32. Rxd8 Rxd8 33. h4 Kf7 34. Kh2 Rg8 35. Rg1 Rxg1 36. Kxg1 Kf6 37. Na5 Kf5 38. b4 Ke5 39. h5 Bb5 40. Kh2 Kd4 41. Kh3 Kd3 42. Kg4 Ke2 43. Kxf4 Kxf2 44. Nb3 Kg2 45. Nd2 f2 46. Kg5 f1Q 47. Nxf1 Kxf1 48. Kh6 Ke2 49. Kxh7 Kd3 50. Kg7 Kc3 51. h6 Bd3 52. Kf6 Kxb4 53. Ke5 a5 54. Kd4 Bh7 55. Kd5 a4 56. Kc6 0-1

[Event "La Pobla de Lillet op 17th"]
[Site "La Pobla de Lillet"]
[Date "2007.08.07"]
[Round "6"]
[White "Tarrago Antoni, Maurici"]
[Black "Reynes Gonzalez, Miguel"]
[Result "1-0"]
[WhiteElo "2222"]
[BlackElo "1949"]
[PlyCount "77"]
[EventDate "2007.08.02"]
[EventType "swiss"]
[EventRounds "9"]
[EventCountry "ESP"]
[SourceTitle "EXT 2008"]
[Source "ChessBase"]
[SourceDate "2007.11.25"]
[SourceVersion "1"]
[SourceVersionDate "2007.11.25"]
[SourceQuality "1"]

1. Nf3 Nf6 2. c4 d5 3. e3 e6 4. d4 c6 5. Nbd2 Nbd7 6. Bd3 Bd6 7. 0-0 0-0 8. e4 dxe4 9. Nxe4 Nxe4 10. Bxe4 c5 11. Bc2 cxd4 12. Qd3 f5 13. Qxd4 Qc7 14. b3 Ne5 15. Ng5 h6 16. Nh3 Nf3+ 17. gxf3 Bxh2+ 18. Kg2 Be5 19. Bf4 Bxd4 20. Bxc7 Bxa1 21. Rxa1 Bd7 22. Nf4 Rac8 23. Bd6 Rfd8 24. c5 a5 25. Ng6 Kf7 26. Ne5+ Kf6 27. Bd3 Be8 28. Nc4 Bb5 29. a4 Bxc4 30. Bxc4 b6 31. Re1 bxc5 32. Rxe6+ Kf7 33. Rxh6+ Ke8 34. Rh8+ Kd7 35. Rxd8+ Rxd8 36. Be5 Ke7 37. Bxg7 Kd6 38. Kg3 Rd7 39. Bc3 1-0

[Event "Catalunya-chT DH"]
[Site "Spain"]
[Date "2004.??.??"]
[Round "1"]
[White "Tarrago Antoni, Maurici"]
[Black "Yepes Martinez, Eduardo"]
[Result "1/2-1/2"]
[WhiteElo "2145"]
[BlackElo "2298"]
[PlyCount "34"]
[EventDate "2004.??.??"]
[EventType "team"]
[EventRounds "9"]
[EventCountry "ESP"]
[SourceTitle "EXT 2007"]
[Source "ChessBase"]
[SourceDate "2006.11.23"]
[SourceVersion "1"]
[SourceVersionDate "2006.11.23"]
[SourceQuality "1"]

1. d4 f5 2. Bg5 g6 3. Nc3 d5 4. h4 Bg7 5. e3 c6 6. Nf3 Nd7 7. Bf4 h6 8. Bd3 e6 9. g4 Ngf6 10. gxf5 gxf5 11. Ne5 Nxe5 12. Bxe5 Qe7 13. Qe2 b6 14. 0-0-0 Nd7 15. Bh2 Bb7 16. Ba6 Bxa6 17. Qxa6 0-0 1/2-1/2